000 00944nas a2200277 4500
001 BR2016001088
003 BR-BrBNA
005 20231205130207.0
007 ta
008 230509b bl.|||p| |||| 00| 00por d
040 _aBR-BrBNA
_bpor
_cBiblioteca Nacional de Agricultura
041 _a(Pt)
072 _aP36
100 1 _aBertol, I.
100 1 _aLeite, D.
100 1 _aGuadagnin, J.C.
100 1 _aRitter, S.R.
245 1 _aErosão hídrica em um nitossolo háplico submetido a diferentes sistemas de manejo sob chuva simulada. II - Perdas de nutrientes e carbono orgânico
650 _aSOLO
650 _aEROSÃO HÍDRICA
650 _aCHUVA ARTIFICIAL
773 0 _tRevista Brasileira de Ciência do Solo (Brazil)
_xISSN 1806-9657
_g(Nov-Dec 2004), v. 28(6) p. 1045-1054
_wBR2016001088
856 4 0 _uhttp://www.scielo.br/pdf/rbcs/v28n6/22926.pdf
909 _a202311
_bLúcia
_c55
_dLúcia Elande
942 _2AGRIS
_n0
_cANA
999 _c248193
_d248193